00873nam a2200229 i 450000100060000000300090000600500170001500700030003200800410003510000270007624501610010325000120026426000400027630000380031670000300035470000240038470000330040870000310044185200320047299900170050495201220052146786ES-MaACL20230906161439.0t|030401s1969 sp ||||1| spa d1 aConn, Howard F.94019910aDiagnóstico clínico actual / cdirigido por Howard F. Conn, Robert J. Clohecy, Rex B. Conn ; traductor Santiago Pi Suñer ; prólogo Máximo Soriano. a1º ed. aBarcelona, etc. : bLabor, c[1969] aXXXII, 1052 p. : bil. ; c28 cm.1 aClohecy, Robert J.9392801 aConn, Rex B.9402001 aPi Suñer, Santiago.9917281 aSoriano, Máximo.9107387 aES-MaACLjC-32940 bR.71292 c46786d46786 00104070aATENEOMbATENEOMcDEPO2d2008-01-17eSCl0oC-32940p1049208r2023-02-23 00:00:00w2023-02-23yMONOGRAFIA